000 00757nam a2200241Ia 4500
003 OSt
005 20220926022429.0
006 a|||||r|||| 00| 0
007 ta
008 220923b |||||||| |||| 00| 0 eng d
037 _cGeneral Book
040 _aRTL
_cRTL
_beng
041 _2eng
_aeng
082 _aX9(J711).1.N9, N5 (UN)
110 _aUnited Nations Conference on Trade and Development
_922209
245 0 _aInternational natural rubber agreement
260 _aNew York
_bUnited Nations U. S. A.
_c1995
300 _a27p.
_ccm.
650 _aRubber Industry
_9233929
700 _aUnited Nations Conference on Trade and Development
_922210
942 _hX9(J711).1.N9, N5 (UN)
_cGB
_2CC
999 _c639469
_d639469